000 00824nam a2200229Ia 4500
005 20220119141944.0
008 210716s2012 xx 000 0 und d
020 _a9789339204815
040 _cAIMIT LIBRARY
041 _aeng
082 _a332.12
_28th
_bROSP
100 _aRose, Peter S.
_913705
245 _aBank management and financial services :
_cby Peter S. Rose and Sylvia C. Hudgins.
250 _a8th. ed. -
260 _aNew Delhi:
_bTata McGraw Hill Education Private Limited,
_c2012.
300 _axxvii, 734p. ;25cm
650 _aFinancial Statements and Financial Firm Performance
_913706
650 _aTools for Managing and Hedging Against Risk
_913707
650 _aProviding Loans to Businesses and Consumers
_913708
700 _aHudgins, Sylvia C.
_913709
942 _2ddc
_cBK
_e8th
_k332.12 ROSP
999 _c209907
_d209907